Restaurant Logos - Statistics

General Stats
  • This quiz has been taken 64 times
  • The average score is 10 of 20
Answer Stats
Picture Answer % Correct
Dairy Queen
78%
KFC
78%
McDonald's
78%
Taco Bell
78%
Panda Express
73%
Baskin Robbins
71%
Red Lobster
71%
Burger King
69%
Whataburger
64%
White Castle
64%
Jack in the Box
62%
Sonic
62%
Carls Jr
44%
Bonefish Grill
22%
In-N-Out Burger
22%
Buffalo Wild Wings
20%
Five Guys
13%
Moe's
11%
Red Robin
7%
Big Town Hero
4%
No matching quizzes found
Score Distribution
Percent of People with Each Score
Percentile by Number Answered
Your Score History
You have not taken this quiz